000 004990000a22001930004500
001 004836
003 MACL
005 20150901152406.0
008 150901b xxu||||| |||| 00| 0 eng d
040 _aMACL
_cMACL
041 _aEnglish
082 _a800/CHA
100 _achaudhri, supriya
_98353
245 _aLiterature And philosophy
_bEssaying Connections
_csupriya chaudhri
260 _aKolkata,
_c2005
_bPapyrus
350 _a250
650 _aEnglish Literature
_9927
942 _k800
_cBK
_2ddc
999 _c16719
_d16719